| 000 | 00966nmm a22003497a 4500 | ||
|---|---|---|---|
| 005 | 20170209100333.0 | ||
| 008 | 150727b xxu||||| |||| 00| 0 spa d | ||
| 041 | _aspa | ||
| 082 | _aGT 11 | ||
| 100 |
_aCamacho Campos, Edwin _938561 |
||
| 100 |
_aChaves Ballestero, Fernanda _938562 |
||
| 100 |
_aCordero Brenes, Pablo _938563 |
||
| 100 |
_aMontero Solórzano, Karla _938564 |
||
| 100 |
_aSerrano Solano, Ester _938565 |
||
| 245 | _aMacrosistema del cantón de Grecia | ||
| 260 | _c2008 | ||
| 300 | _a170 páginas | ||
| 502 | _a | ||
| 650 |
_aCANTÓN DE GRECIA _938566 |
||
| 650 |
_aCOSTA RICA _938567 |
||
| 650 |
_aHISTORIA _943 |
||
| 650 |
_aDISTRITOS _927685 |
||
| 650 |
_aPOBLACIÓN _91773 |
||
| 650 |
_aCLIMA _91105 |
||
| 650 |
_aTOPOGRAFÍA _917869 |
||
| 650 |
_aHIDROLOGÍA _917837 |
||
| 650 |
_aPRODUCTOS AGRÍCOLAS _938568 |
||
| 650 |
_aATRACTIVOS TURÍSTICOS _95394 |
||
| 650 |
_aFLORA _94418 |
||
| 650 |
_aFAUNA _94419 |
||
| 942 | _cCD | ||
| 999 |
_c6556 _d6556 |
||